000 00537nam a2200181Ia 4500
008 090124s9999 xx 000 0 und d
082 _b33164
100 _aजोगळेकर योगिनी
245 _a चैतन्या
250 _a1
260 _bदिलीप प्रकाशन
_c1996
300 _a192
600 _aजोगळेकर योगिनी
630 _a चैतन्या
700 _aजोगळेकर योगिनी
730 _a चैतन्या
942 _cBOOK
999 _c99082
_d99082